[Event "IND-ch U12"]
[Site "Srinivasapura"]
[Date "2022.04.09"]
[Round "2"]
[White "Vaz, Ethan"]
[Black "Anshul, Panicker"]
[Result "1-0"]
[WhiteElo "1772"]
[BlackElo "1220"]
[PlyCount "59"]
[EventDate "2022.04.09"]
[EventType "swiss"]
[EventRounds "11"]
[EventCountry "IND"]
[SourceTitle "EXT 2023"]
[Source "ChessBase"]
[SourceDate "2022.10.05"]
[SourceVersion "1"]
[SourceVersionDate "2022.10.05"]
[SourceQuality "1"]

1. e4 c6 2. d4 d5 3. Nc3 dxe4 4. Nxe4 Nf6 5. Nxf6+ gxf6 6. Nf3 Bf5 7. Bc4 e6 8. Qe2 Nd7 9. Nh4 Bg6 10. c3 Nb6 11. Bb3 Bd6 12. 0-0 Qc7 13. h3 0-0-0 14. Rd1 Bf4 15. Qf3 Bxc1 16. Raxc1 f5 17. c4 Qe7 18. Nxg6 fxg6 19. d5 c5 20. Qe3 Rhe8 21. dxe6 Rxd1+ 22. Rxd1 Qxe6 23. Qxc5+ Qc6 24. Qd4 Qe4 25. Qd2 a6 26. c5 Na8 27. Bf7 Rf8 28. Qd7+ Kb8 29. Qd6+ Ka7 30. Qxf8 1-0